Welcome to the Holygrace Academy Library

Please use search bar below to get started

SHREE RAM HINDI BAL AKSHAR GEETH (Record no. 4867)

MARC details
000 -LEADER
fixed length control field 00225nam a22000977a 4500
082 ## - DEWEY DECIMAL CLASSIFICATION NUMBER
Classification number 491
Item number CUR/S
245 ## - TITLE STATEMENT
Title SHREE RAM HINDI BAL AKSHAR GEETH
260 ## - PUBLICATION, DISTRIBUTION, ETC. (IMPRINT)
Place of publication THRISSUR
Name of publisher CURRENT BOOKS
650 ## - SUBJECT ADDED ENTRY--TOPICAL TERM
Topical Term POEM HINDI
Geographic subdivision THRISSUR
942 ## - ADDED ENTRY ELEMENTS (KOHA)
Koha item type Books
Holdings
Withdrawn status Lost status Collection code Home library Current library Shelving location Date acquired Source of acquisition Full call number Accession Number Koha item type
    Non-fiction Main Library Main Library SHELF-16F- HINDI FICTIONS,SHORT STORIES 17/11/2006 PURCHASE 491 CUR/S 01208 Books